Vypuklyje množestva /

Salvato in:
Dettagli Bibliografici
Autore principale: Leichtweiss, Kurt (Autore)
Natura: Libro
Lingua:russo
Pubblicazione: Moskva : Nauka, 1985
Soggetti:
Tags: Aggiungi Tag
Nessun Tag, puoi essere il primo ad aggiungerne!!

MARC

LEADER 00000nam a22000003a 4500
001 stu38597
005 20150617225724.9
008 921109s1985----xxr-----------------rus-d
040 |a STU  |b slo 
041 0 |a rus 
044 |a xxr 
080 |a 510.22 
080 |a 514.17  |7 stu_us_auth*stu11214 
100 1 |a Leichtweiss, Kurt  |4 aut 
245 1 |a Vypuklyje množestva /  |c [aut.]K. Leichtweiss; Z nem. kol 
260 |a Moskva :  |b Nauka,  |c 1985 
300 |a 335 s 
650 7 |a Množiny  |2 stusub 
650 7 |a teórie  |2 stusub 
996 |b E58692  |c E*58692  |l EE03  |s P  |a 0  |w stu38597_0001 
996 |b 284M061721  |c M*453-1  |l MMKN  |s A  |a 24  |w stu38597_0002